English Conversation for Beginners (Record no. 6394)

MARC details
000 -LEADER
fixed length control field 00217nam a22000857a 4500
008 - FIXED-LENGTH DATA ELEMENTS--GENERAL INFORMATION
fixed length control field 170524b xxu||||| |||| 00| 0 eng d
020 ## - INTERNATIONAL STANDARD BOOK NUMBER
International Standard Book Number 8178120044
100 ## - MAIN ENTRY--PERSONAL NAME
9 (RLIN) 3107
Personal name Sharma.R.C.
245 ## - TITLE STATEMENT
Title English Conversation for Beginners
260 ## - PUBLICATION, DISTRIBUTION, ETC. (IMPRINT)
Place of publication, distribution, etc. New Delhi
Holdings
Withdrawn status Lost status Source of classification or shelving scheme Damaged status Koha normalized classification for sorting Not for loan Home library Current library Shelving location Date acquired Total Checkouts Full call number Barcode Date last seen Date last checked out Price effective from Koha item type
    Dewey Decimal Classification   SHA_402_000000000000000_B5   Good Samaritan School Library Good Samaritan School Library English 05/24/2017 1 SHA402 B-5 SHA1902 07/25/2017 06/27/2017 05/24/2017 BOOK

Powered by Koha